MARC

LEADER 00000nam0a2200000 4500
001 236801
005 20231101231510.0
035 |a (RuTPU)RU\TPU\book\257968 
090 |a 236801 
100 |a 20130503d1989 k y0rusy50 ca 
101 0 |a rus 
102 |a RU 
105 |a a z 001zy 
200 1 |a Асимптотические методы решения задач математической физики  |f Академия наук СССР (АН СССР), Уральское отделение (УрО), Башкирский научный центр (БНЦ), Институт математики с вычислительным центром ; под ред. В. Ю. Новокшенова 
210 |a Уфа  |c Изд-во УрО Ан СССР  |d 1989 
215 |a 120 с.  |c ил. 
320 |a Библиогр.: с. 118. 
606 1 |a Математическая физика  |2 stltpush  |3 (RuTPU)RU\TPU\subj\41221  |9 61028 
610 1 |a задачи 
610 1 |a решение 
610 1 |a уравнения Кортевега-де Фриза 
610 1 |a квазиклассическая асимптотика 
610 1 |a уравнения Максвелла-Блоха 
610 1 |a асимптотические методы 
675 |a 53:51  |v 3 
702 1 |a Новокшенов  |b В. Ю.  |4 340 
712 0 2 |a Академия наук СССР (АН СССР)  |b Уральское отделение (УрО)  |b Башкирский научный центр (БНЦ)  |b Институт математики с вычислительным центром  |2 stltpush  |3 (RuTPU)RU\TPU\col\18792 
801 1 |a RU  |b 63413507  |c 20130503 
801 2 |a RU  |b 63413507  |c 20180207  |g RCR 
942 |c BK